For a sociology of reconciliation and conflict: an ascending ethic of reconciliation? /
Guardat en:
| Autor principal: | |
|---|---|
| Format: | Text |
| Etiquetes: |
Afegir etiqueta
Sense etiquetes, Sigues el primer a etiquetar aquest registre!
|
MARC
| LEADER | 00000 a a2200000 04500 | ||
|---|---|---|---|
| 001 | 45299 | ||
| 003 | |||
| 040 | |||
| 100 | |a Trimikliniotis, Nicos | ||
| 245 | |a For a sociology of reconciliation and conflict: |b an ascending ethic of reconciliation? / |c Nicos Trimikliniotis | ||
| 500 | |a nicostrim@gmail.com | ||
| 773 | |g volumen59, número5 (2011), páginas 600-603 | ||
| 999 | |c 20435 |d 20435 | ||
